Lo que vendrá /
Guardado en:
| Autor Principal: | |
|---|---|
| Autor Corporativo: | |
| Otros Autores: | |
| Formato: | |
| Publicado: |
Argentina,
2008
|
| Series: | Algo habrán hecho por la Historia Argentina - Capítulo XII
|
| Materias: | |
| Etiquetas: |
Agregar Etiqueta
Sin Etiquetas, Sea el primero en etiquetar este registro!
|
| LEADER | 01169ngm a22003495g 4500 | ||
|---|---|---|---|
| 001 | CEM.cems023508 | ||
| 008 | 130507s2008##################0###0#####d | ||
| 005 | 20250602155917.0 | ||
| 245 | 1 | 0 | |a Lo que vendrá / |c Mario Pergolini. |
| 260 | |a Argentina, |c 2008 | ||
| 300 | |a 47'. | ||
| 490 | 1 | |a Algo habrán hecho por la Historia Argentina - Capítulo XII | |
| 538 | |a Soporte: DVD - Color: Si - Grabación DRD | ||
| 590 | |a Identificación anterior registrada en SIABUC: DVD 53 | ||
| 500 | |a Consultar en ventanilla. | ||
| 505 | 0 | |a Período: 1931-1944. Temas: Agustín Pedro Justo, Lisandro de la Torre, Roberto Marcelino Ortiz, Ramón S. Castillo, Juan Domingo Perón. | |
| 100 | 1 | |a Pergolini, Mario | |
| 710 | 2 | |a Cuatro cabezas. | |
| 700 | 1 | |a Pigna, Felipe; Guion. | |
| 082 | 9 | 8 | |/ PER-3 |
| 653 | |a HISTORIA | ||
| 653 | |a HISTORIA ARGENTINA | ||
| 653 | |a FRAUDE ELECTORAL | ||
| 653 | |a DECADA INFAME | ||
| 653 | |a PERONISMO | ||
| 653 | |a JUSTO | ||
| 653 | |a PERON | ||
| 653 | |a FARRELL | ||
| 653 | |a 17 DE OCTUBRE | ||
| 653 | |a SERIE DE TELEVISIÓN | ||
| 653 | |a DOCUMENTAL | ||
| 859 | |a CEMS |b BIB. CEMS - Depto. Recursos Didacticos |h 982 |i PER-3 |k DRD |p 2151.15 |t Ej.1 | ||
